000 00549nam a2200181Ia 4500
008 151018s9999 xx 000 0 und d
082 _bRBASDV47949
_a891.433
100 _aदिनेश चमोला
245 _aएक था रॉबिन
250 _b1
260 _bआदिश प्रकाशन
_c2008
300 _a84
600 _aदिनेश चमोला
630 _aएक था रॉबिन
700 _aदिनेश चमोला
730 _aएक था रॉबिन
942 _cBOOK
999 _c1047079
_d1047076